Countries of North America By Flag Quiz - Statistics

General Stats
  • This quiz has been taken 2,501 times
  • The average score is 16 of 23
Answer Stats
Picture Answer % Correct
Canada
100%
United States of America
100%
Mexico
99%
Jamaica
96%
Barbados
81%
Cuba
78%
Panama
76%
Honduras
71%
Dominican Republic
69%
Costa Rica
67%
Guatemala
67%
Bahamas
64%
Haiti
64%
Saint Lucia
64%
Trinidad & Tobago
64%
El Salvador
63%
Nicaragua
63%
Belize
59%
Dominica
57%
Antigua & Barbuda
56%
Grenada
54%
Saint Vincent and Grenadies
53%
Saint Kitts and Nevis
52%
No matching quizzes found
Score Distribution
Percent of People with Each Score
Percentile by Number Answered
Your Score History
You have not taken this quiz